El acontecimiento poético : (Record no. 190533)

MARC details
000 -LEADER
campo de control de longitud fija 01291nam a2200313 c 4500
001 - NÚMERO DE CONTROL
campo de control 190533
003 - IDENTIFICADOR DE NÚMERO DE CONTROL
campo de control SpMaBN
005 - FECHA Y HORA DE LA ÚLTIMA TRANSACCIÓN
campo de control 20240510063154.0
008 - DATOS DE LONGITUD FIJA--INFORMACIÓN GENERAL
campo de control de longitud fija 210819s2016 sp 001 0 spa
020 ## - NÚMERO INTERNACIONAL ESTÁNDAR DEL LIBRO
Número Internacional Estándar del Libro 978-84-944752-3-8
080 ## - NÚMERO DE LA CLASIFICACIÓN DECIMAL UNIVERSAL
Número de la Clasificación Decimal Universal 82-1
100 1# - ENTRADA PRINCIPAL--NOMBRE DE PERSONA
Nombre de persona Tundidor, Jesús Hilario,
Fechas asociadas al nombre 1935-
9 (RLIN) 111674
245 13 - MENCIÓN DEL TÍTULO
Título El acontecimiento poético :
Resto del título la culpabilidad de las imágenes /
Mención de responsabilidad, etc. Jesús Hilario Tundidor.
250 ## - MENCION DE EDICION
Mención de edición 1ª ed.
260 ## - PUBLICACIÓN, DISTRIBUCIÓN, ETC.
Lugar de publicación, distribución, etc. Madrid :
Nombre del editor, distribuidor, etc. Cuadernos del Laberinto,
Fecha de publicación, distribución, etc. 2016.
300 ## - DESCRIPCIÓN FÍSICA
Extensión 213 p. ;
Dimensiones 22 cm.
490 1# - MENCIÓN DE SERIE
Mención de serie Anaquel de pensamiento ;
Designación de volumen o secuencia 6
504 ## - NOTA DE BIBLIOGRAFÍA, ETC.
Nota de bibliografía, etc. Bibliografía de Jesús Hilario Tundidor: p. 193-209.
505 8# - NOTA DE CONTENIDO CON FORMATO
Nota de contenido con formato Contiene: Génesis: El autor ante el espejo [reflexiones dictadas en el Salón de Actos del Ateneo de Madrid y Liceo de Salamanca]
610 24 - PUNTO DE ACCESO ADICIONAL DE MATERIA--NOMBRE DE ENTIDAD CORPORATIVA
Nombre de entidad corporativa o nombre de jurisdicción como elemento de entrada Ateneo de Madrid-
Subdivisión de forma Conferencias-
Subdivisión cronológica 2000-
9 (RLIN) 168597
650 #7 - PUNTO DE ACCESO ADICIONAL DE MATERIA--TÉRMINO DE MATERIA
Término de materia o nombre geográfico como elemento de entrada Poesía-
Subdivisión general Filosofía.
9 (RLIN) 153115
650 #4 - PUNTO DE ACCESO ADICIONAL DE MATERIA--TÉRMINO DE MATERIA
Término de materia o nombre geográfico como elemento de entrada Poética.
9 (RLIN) 16254
830 1# - PUNTO DE ACCESO ADICIONAL DE SERIE-TÍTULO UNIFORME
Título uniforme Anaquel de pensamiento ;
Designación de volumen o secuencia 6
9 (RLIN) 225895
852 4# - LOCALIZACIÓN
Ubicación ES-MaACL
Número de control de estantería A-14741
itemnumber 197711
Sublocalización o colección R.151521
Ubicación en estantería Depósito 1
Signatura antigua Olim: N-7741
Anotaciones manuscritas Dedicatoria autógrafa del autor
Donativo/Legado Donacion: Jesús Hilario Tundidor
903 ## - NOMBRE PERSONAL DE DONANTE
a Tundidor, Jesús Hilario,
d 1935-
e Donante
9 111674
942 ## - ELEMENTOS DE ENTRADA SECUNDARIOS (KOHA)
Fuente del sistema de clasificación o colocación Clasificación decimal universal
Tipo de ítem Koha Libro impreso
Holdings
Estatus retirado Estado de pérdida Fuente del sistema de clasificación o colocación Estado de daño No para préstamo Colección Biblioteca de origen Biblioteca actual Ubicación en estantería Fecha de adquisición Fuente de adquisición Total de préstamos Signatura topográfica completa Código de barras Visto por última vez Precio de reemplazo Tipo de ítem Koha Nota pública
    Clasificación decimal universal     Libros con dedicatorias Biblioteca del Ateneo de Madrid Biblioteca del Ateneo de Madrid Depósito 1 19/08/2021 Donación   A-14741 1202656 23/02/2023 23/02/2023 Libro impreso Dedicatoria autógrafa del autor